000 00382nam a22001577a 4500
003 OSt
020 _a0198072090
040 _c0
_d0
082 _222
_a658.5
100 _aBedi, Kanishka.
245 _aProduction and operations management /
250 _a3rd ed.
260 _aNew Delhi,
_bOxford University ,
_cc2013.
300 _axxii, 680 p. ;
_bill. ;
_c24 cm.
942 _2ddc
_cMAG
999 _c4931
_d4931